Movies Quiz

Random Movies or Box Office Quiz
Score 0/130 Timer 13:00
0 Plays Today
Hint Answer % Correct
AAvengers
80.6%
AAvatar
72.2%
AAge Of Ultron
69.4%
IInfinity War
69.4%
LThe Last Jedi
63.9%
IIron Man 3
61.1%
CCivil War
58.3%
GGuardians Of The Galaxy
58.3%
JJurassic World
58.3%
WThe Winter Soldier
58.3%
XX-Men
58.3%
BBlack Panther
55.6%
EET:. The Extra Terrestial
55.6%
EThe Empire Strikes Back
55.6%
FThe Force Awakens
55.6%
JJurassic Park
55.6%
LThe Lion King
55.6%
RRevenge Of The Sith
55.6%
SThe Sorcerer's Stone
55.6%
TTitanic
55.6%
AAge Of Extinction
52.8%
GThe Goblet Of Fire
52.8%
MMinions
52.8%
RRagnarok
52.8%
SShrek 2
52.8%
TToy Story 3
52.8%
XX2: X-Men United
52.8%
IInside Out
52.8%
DThe Dark Knight Rises
50%
FFrozen
50%
GGuardians Of The Galaxy Vol. 2
50%
JJustice League
50%
RThe Return Of The King
50%
RRevenge Of The Fallen
50%
TThe Two Towers
50%
ZZootopia
50%
CChamber Of Secrets
47.2%
DDeathly Hallows Part 2
47.2%
DDark Of The Moon
47.2%
DDespicable Me 3
47.2%
FFallen Kingdom
47.2%
HHomecoming
47.2%
JJumanji: Welcome To The Jungle
47.2%
LLogan
47.2%
Hint Answer % Correct
PThe Phantom Menace
47.2%
TTransformers
47.2%
CCatching Fire
44.4%
CCoco
44.4%
DDead Man's Chest
44.4%
HHalf Blood Prince
44.4%
HThe Hunger Games
44.4%
OOn Stranger Tides
44.4%
RRogue One
44.4%
SSkyfall
44.4%
SSpider-Man 3
44.4%
UAn Unexpected Journey
44.4%
UUp
44.4%
IIncredibles 2
44.4%
FFurious 7
41.7%
KKingdom Of The Crystal Skull
41.7%
MMockingjay Part 1
41.7%
PPrisoner Of Azkaban
41.7%
SSpectre
41.7%
WWonder Woman
41.7%
IInception
41.7%
BBeauty And The Beast
38.9%
BBattle Of The Five Armies
38.9%
BBatman v Superman: Dawn Of Justice
38.9%
FThe Fate Of The Furious
38.9%
NNew Moon
38.9%
VVenom
38.9%
XXXX
38.9%
AAquaman
36.1%
GGhost Protocol
36.1%
JThe Jungle Book
36.1%
MMonsters University
36.1%
BBreaking Dawn Part 2
33.3%
KKing Kong
33.3%
OOrder Of The Phoenix
33.3%
CContinental Drift
30.6%
EEclipse
30.6%
EEscape 2 Africa
30.6%
HHow To Train Your Dragon 2
30.6%
LThe Lost World
30.6%
KKung Fu Panda 2
27.8%
KKung Fu Panda
27.8%
QQuantum Of Solace
27.8%
EEurope's Most Wanted
25%
Hint Answer % Correct
GGravity
25%
KKung Fu Panda 3
25%
ZZombieland
25%
TTangled
22.2%
OOcean's Eleven
19.4%
QA Quiet Place
19.4%
QThe Queen
19.4%
WWolf Warrior 2
19.4%
MMatrix Reloaded
13.9%
PThe Passion Of Christ
13.9%
XThe X Files
13.9%
ZZodiac
13.9%
YYes Man
13.9%
NNight At The Museum
11.1%
QQueen Of The Damned
11.1%
ZZero Dark Thirty
11.1%
HHancock
8.3%
LThe Lion, The Witch And The Wardrobe
8.3%
MMaleficent
8.3%
UUnbreakable
8.3%
WWar Of The Worlds
8.3%
ZZookeeper
8.3%
OOz The Great And Powerful
5.6%
PPuss In Boots
5.6%
QQuarantine
5.6%
VThe Voyage Of The Dawn Treader
5.6%
VVan Helsing
5.6%
WWorld War Z
5.6%
XXanadu
5.6%
NNotting Hill
2.8%
NNoah
2.8%
OOperation Red Sea
2.8%
UThe Ugly Truth
2.8%
VThe Village
2.8%
VValerian And The City Of A Thousand Planets
2.8%
YYoung Frankenstein
2.8%
YYogi Bear
2.8%
YYou've Got Mail
2.8%
NThe Nun
0%
PPretty Woman
0%
UUncle Buck 79,2
0%
YYour Name.
0%
Remove Ads.
Support Sporcle.
Get the best of Sporcle when you Go Orange. This ad-free experience offers more features, more stats, and more fun while also helping to support Sporcle. Thank you for becoming a member.

You're not logged in!

Compare scores with friends on all Sporcle quizzes.
OR
Log In

Show Comments

Extras

Top Quizzes Today


Score Distribution

Your Account Isn't Verified!

In order to create a playlist on Sporcle, you need to verify the email address you used during registration. Go to your Sporcle Settings to finish the process.

Report this User

Report this user for behavior that violates our Community Guidelines.

Details: